| 000 | 00551nam a22001937a 4500 | ||
|---|---|---|---|
| 003 | OSt | ||
| 005 | 20150522143431.0 | ||
| 008 | 150522b xxu||||| |||| 00| 0 eng d | ||
| 020 | _a0727910108 | ||
| 040 | _cDNLM | ||
| 082 | _aWG 200 C936 1998 | ||
| 245 |
_aCurrent Issues in Cardiology management strategies / _cEdited By Jean R McEwan |
||
| 260 |
_aLondon: _bBMJ Publishing Group ; _c1998. |
||
| 300 |
_aix, _bill; _c27 cm. |
||
| 504 | _aIncludes index. | ||
| 650 |
_aCardiology _93034 |
||
| 700 |
_4Editor _aMcEwan Jean R. _94835 |
||
| 942 |
_2z _cSLOAN |
||
| 999 |
_c1839 _d1839 |
||